Guess the 1970s song lyrics #345 - Statistics

General Stats
  • This quiz has been taken 29 times
  • The average score is 80 of 174
Answer Stats
Answer % Correct
a
96%
the
96%
and
85%
on
85%
you
85%
in
81%
me
81%
my
77%
to
73%
by
65%
no
65%
all
62%
at
62%
I'm
62%
oh
62%
are
58%
I'll
58%
back
54%
Look
54%
out
54%
boy
50%
got
50%
Got
50%
doo
46%
door
46%
Just
46%
lookin
46%
take
46%
from
42%
down
38%
front
38%
home
38%
band
35%
elephants
35%
Won't
35%
Illinois
31%
lock
31%
playin
31%
porch
31%
rest
31%
ride
31%
Buck
27%
creatures
27%
happy
27%
listenin
27%
Owens
27%
singin
27%
sit
27%
There's
27%
Today
27%
today
27%
dancin
23%
flyin
23%
lawn
23%
pretty
23%
soon
23%
tomorrow
23%
high
19%
Imagination
19%
sets
19%
sorrows
19%
Tambourines
19%
wearin
19%
apparition
15%
Bother
15%
Dinosaur
15%
Doot
15%
doot
15%
spoon
15%
buy
12%
cartwheels
12%
doin
12%
heels
12%
magician
12%
Forward
8%
giant
8%
provided
8%
statue
8%
Victrola
8%
Wondrous
8%
troubles
0%
No matching quizzes found
Score Distribution
Percent of People with Each Score
Percentile by Number Answered
Your Score History
You have not taken this quiz